000 00499nam a2200157Ia 4500
008 151021s9999 xx 000 0 und d
020 _a205263097
050 _aRA 418 .M327 1999
245 _a_Medical Sociology Duane A Matcha
260 _aMassachusetts allyn and bacon 1999
300 _axi,413p.
500 _aIncludes bibliographic references
500 _aIncludes bibliographic references
650 _a_Social medicine cross cultural studies
980 _a^d20130205 03:39:00^oanne
999 _c12807
_d12807